Diseño de 1 km pavimento articulado, en el Barrio La Comuna, Usando el Método AASHTO-93 Municipio de Estelí, Departamento de Estelí

La investigación consiste en el diseño de la estructura de pavimento semiflexible de la calle principal del Barrio La Comuna, distrito III del municipio de Estelí, departamento de Estelí.

Bibliographic Details
Main Author: Rugama López, Skarleth Patricia
Other Authors: Tutor: Sierra Mercado, Jimmy
Format: Tesis Section = Libro
Language:Undetermined
Spanish
Published: Managua UNI/RUACS 2015
Subjects:
LEADER 00986nam a2200241Ia 4500
008 240830s9999 xx 000 0 und d
040 |a BIBLIOTECA-RUPAP T.Mon 625.85 R928 
041 |a spa 
082 |a T.Mon 625.85 R928 
100 1 |a Rugama López, Skarleth Patricia 
245 1 0 |a Diseño de 1 km pavimento articulado, en el Barrio La Comuna, Usando el Método AASHTO-93 Municipio de Estelí, Departamento de Estelí 
260 |a Managua  |b UNI/RUACS  |c 2015 
300 |a 80 p. :il. 
500 |a Contiene: anexos. 
502 |a Tesis (Ingeniero Civil)- UNI, 2015. 
520 3 |a La investigación consiste en el diseño de la estructura de pavimento semiflexible de la calle principal del Barrio La Comuna, distrito III del municipio de Estelí, departamento de Estelí. 
650 7 |a PAVIMENTOS 
650 7 |b PAVIMENTOS DE ASFALTO 
650 7 |c CALLES-MANTENIMIENTO Y REPARACION. 
700 1 |a Tutor:  |b Sierra Mercado, Jimmy 
942 |c BK  |2 ddc 
991 |a TESIS 
999 |c 18410